01695nam a2200373 c 450000100060000000300100000600500170001600700030003300800410003602000180007704000350009504100080013004300120013808400060015010000260015624501090018225000230029126400530031430000420036733600290040933700330043833800280047152003300049952100680082954500420089765000660093965000520100565000540105765000380111165000520114970000320120170000290123383000590126259451CO-BoRNBP20251015204244.0ta250130s2024 ck a|||br||| 000 0jdspa d a9786289664713 aCO-BoRNBPbspaerdacCO-BoRNBP0 aspa as-ck--- aC aCaballero, Pedroeaut13aEl Tití y el Mojojoy /cPedro Caballero y Carlos Rodríguez ; ilustraciones de Manuela Correa Upegui. aEdición especial 1aBogotá, Colombia :bCiencia Magnética,c2024 a31 páginas :bilustraciones a color atextobtxt2rdacontenido asin mediaciónbn2rdamedio avolumenbnc2rdasoporte aEn la reunión anual de animales de la selva hay un gran ausente. Se trata del Mojojoy. El mico Tití es comisionado para que averigüe por qué su compañero no asistió. La búsqueda lo llevará a descubrir una verdad aún más preocupante: alguien está alterando el equilibrio que mantiene la vida en el bosque aRecomendado para un público infantil a partir de los 6 años aIncluye datos biográficos del autor07aConservación de la agrobiodiversidad en la literatura2lemb04aCuentos infantiles colombianosySiglo XXI2LEMB07aDivulgación científica en la literatura2lemb07aEcología en la literatura2lemb04aLiteratura infantil colombianaySiglo XXI2LEMB aCorrea Upegui, Manuelaeill aRodríguez, Carloseaut aPlan Nacional de lectura y escritura leer es mi cuento